La Retòrica de l'emoció : aproximació al sistema Stanislavski / Ramon Simó i Vinyes ; pròleg de Jaume Mascaró aproximació al sistema Stanislavski / Ramon Simó i Vinyes ; pròleg de Jaume Mascaró
Descripción Física:
222 p. ; 22 cm
Colección:
Monografies de teatre ; 26
Otros Autores:
Mascaró, Jaume, pr
MARC
| LEADER | 00000nam a2200000Ia 4500 | ||
|---|---|---|---|
| 001 | 8444 | ||
| 008 | 160829s1988 xx 000 0 cat d | ||
| 080 | |a B-1-184 | ||
| 100 | |a Simó, Ramon, |d 1961- |9 20059 | ||
| 245 | |a La Retòrica de l'emoció : |b aproximació al sistema Stanislavski / Ramon Simó i Vinyes ; pròleg de Jaume Mascaró | ||
| 260 | |a Barcelona : |b Institut del Teatre de la Diputació de Barcelona, |c 1988 | ||
| 300 | |a 222 p. ; |c 22 cm | ||
| 490 | |a Monografies de teatre ; 26 | ||
| 650 | |a Stanislavskij, Konstantin |9 20060 | ||
| 650 | |a Art dramàtic |x Ensenyament |9 20061 | ||
| 700 | |a Mascaró, Jaume, pr. |9 20063 | ||
| 710 | 1 | |a Institut del Teatre (Barcelona, Catalunya) |9 52662 | |
| 901 | |a Arxiu | ||
| 942 | |n 1 | ||
| 952 | |0 0 |1 0 |4 0 |6 B1184 |7 1 |9 41421 |a Arxiu |b Arxiu |d 2016-12-01 |l 0 |o B-1-184 |p 8444 |r 2016-12-01 00:00:00 |w 2016-12-01 |y ARXIU | ||
| 999 | |c 43228 |d 43228 | ||